| 000 | 01030aam a22003137a 4500 | ||
|---|---|---|---|
| 001 | 48661 | ||
| 005 | 20230410123644.0 | ||
| 008 | 990812s1999 sp b 000 0 spa | ||
| 010 | _a 99237474 | ||
| 035 | _a(OCoLC)ocm53098835 | ||
| 040 |
_aDLC _cDLC |
||
| 020 | _a8477771901 | ||
| 020 | _a9788477771906 | ||
| 035 | _a(OCoLC)53098835 | ||
| 043 | _ae-sp--- | ||
| 050 | 1 | 4 |
_aKKT 5673.3 _bD431 1999 |
| 245 | 0 | 0 |
_aDerecho social vasco / _cdirectores, José Luis Goñi Sein, Juan Pablo Landa Zapirain ; [María Emilia Casas Baamonde ... et al.]. |
| 260 |
_aBilbao : _bIVAP, Herri Arduralaritzaren Euskal Erakundea, _c[1999] |
||
| 300 |
_a798 p. ; _c23 cm. |
||
| 504 | _aIncludes bibliographical references. | ||
| 650 | 0 |
_aSocial legislation _zSpain _zPaâis Vasco. |
|
| 700 | 1 | _aGoñi Sein, José Luis. | |
| 700 | 1 | _aLanda Zapirain, Juan Pablo. | |
| 700 | 1 | _aCasas Baamonde, María Emilia. | |
| 710 | 2 | _aInstituto Vasco de Administracion Pública. | |
| 942 |
_2lcc _cbk |
||
| 946 | _amjcruz | ||
| 994 |
_aC0 _bDRFGD |
||
| 999 |
_c65678 _d65678 |
||